El franquismo y la transición en España. Desmitificación y reconstrucción de la memoria de una época.

Furkejuvvon:
Bibliográfalaš dieđut
Váldodahkki: González Madrid, Damián A (coordinador)
Materiálatiipa: Girji
Giella:eaŋgalasgiella
Almmustuhtton: Madrid, España: Catarata, 2008.
Fáttát:
Fáddágilkorat: Lasit fáddágilkoriid
Eai fáddágilkorat, Lasit vuosttaš fáddágilkora!

MARC

LEADER 00000nam a22000007a 4500
003 CL-VaPUC
005 20231031170748.0
008 231030t2008 ||||| |||| 00| 0 eng d
999 |c 442222  |d 442220 
020 |a 978-84-8319-385-3 
040 |c Pontificia Universidad Católica de Valparaíso 
082 |2 22  |a 946.082 GON 2008 
100 |9 885424  |a González Madrid, Damián A  |e coordinador  
245 |a El franquismo y la transición en España.  |b Desmitificación y reconstrucción de la memoria de una época. 
260 |a Madrid, España:  |b Catarata,   |c 2008. 
300 |a 273 páginas. 
500 |a c.1 Donación Sr. Jorge Precht Pizarro. 26-05-23. Biblioteca Teología. 
583 |c 20231030  |k Yessy Sthefany Diaz Vidal 
650 0 |9 858417  |a Franquismo  |x Aspectos educacionales, políticos y sociales  |y Siglo 20  |z España  
651 0 |9 254926  |a España  |x Dictaduras   |x Historia política   |y Siglo 20 
942 |2 ddc  |c BK 
952 |0 0  |1 0  |2 ddc  |4 0  |6 946_082000000000000_GON_2008  |7 0  |8 A  |9 592188  |a BIBTEO  |b BIBTEO  |c GEN  |d 2023-10-30  |e Donación   |i 5659204  |o 946.082 GON 2008  |p 5659204  |r 2025-01-17  |t 1  |w 2023-10-30  |y BK  |k ICR